Flaggen historischer Staaten - Statistiken

Allgemein
  • Dieses Quiz wurde 335 mal gespielt
  • Das Durchschnittsergebnis liegt bei 8 aus 20
Antwortstatistiken
Bildquiz Antwort % Korrekt
Deutsche Demokratische Republik
88%
Sowjetunion
84%
Preußen
83%
Osmanisches Reich
81%
Qing-Reich
72%
Jugoslawien
69%
Heiliges Römisches Reich
49%
Byzantinisches Reich
32%
Konförderierte Staaten von Amerika
27%
Venedig
26%
Schweden-Norwegen
25%
Südvietnam
25%
Sardinien-Piedmont
20%
Zentralamerikanische Konföderation
20%
Rhodesien
17%
Königreich beider Sizilien
13%
Mamlukenreich
9%
Wallachei
6%
Hedschas
5%
Mogulreich
4%
Keine übereinstimmenden Quizze gefunden
Verteilung der Resultate
Anzahl Personen mit jedem Resultat
Perzentil nach korrekt beantworteten Fragen
Ihre Resultats-Entwicklung
Sie haben dieses Quiz noch nicht gespielt